<?xml version="1.0" encoding="UTF-8"?>
<record
    xmlns:xsi="http://www.w3.org/2001/XMLSchema-instance"
    xsi:schemaLocation="http://www.loc.gov/MARC21/slim http://www.loc.gov/standards/marcxml/schema/MARC21slim.xsd"
    xmlns="http://www.loc.gov/MARC21/slim">

  <leader>00999nam a2200301 a 4500</leader>
  <controlfield tag="001">000110941</controlfield>
  <controlfield tag="003">CHAP</controlfield>
  <controlfield tag="005">20220329144151.0</controlfield>
  <controlfield tag="008">141027s1997    mx a   |r|   |||0|||spa d</controlfield>
  <datafield tag="010" ind1=" " ind2=" ">
    <subfield code="a">107403</subfield>
  </datafield>
  <datafield tag="011" ind1=" " ind2=" ">
    <subfield code="a">108375</subfield>
  </datafield>
  <datafield tag="040" ind1=" " ind2=" ">
    <subfield code="c">CHAP</subfield>
  </datafield>
  <datafield tag="082" ind1="0" ind2="4">
    <subfield code="a">631.5097235</subfield>
    <subfield code="b">A27</subfield>
  </datafield>
  <datafield tag="245" ind1="0" ind2="0">
    <subfield code="a">Agricultural reginal III :</subfield>
    <subfield code="b">Reporte del viaje de estudios a: Tequila, Jalisco, Nayarit, Santiago Ixcuintla y Valle de Culiacan /</subfield>
    <subfield code="c">coordinado por David Sa&#xFA;l Reyes y Javier Mota.</subfield>
  </datafield>
  <datafield tag="260" ind1=" " ind2=" ">
    <subfield code="a">Chapingo, M&#xE9;x. :</subfield>
    <subfield code="b">UACH. Preparatoria Agr&#xED;cola,</subfield>
    <subfield code="c">1997.</subfield>
  </datafield>
  <datafield tag="300" ind1=" " ind2=" ">
    <subfield code="a">181 h. :</subfield>
    <subfield code="b">il.</subfield>
  </datafield>
  <datafield tag="590" ind1=" " ind2=" ">
    <subfield code="a">E5652GLJ</subfield>
    <subfield code="b">05</subfield>
    <subfield code="c">20141027</subfield>
    <subfield code="l">UCH01</subfield>
    <subfield code="h">1439</subfield>
  </datafield>
  <datafield tag="650" ind1="1" ind2="4">
    <subfield code="a">Agricultura</subfield>
    <subfield code="x">Jalisco</subfield>
    <subfield code="9">1714</subfield>
  </datafield>
  <datafield tag="650" ind1="1" ind2="4">
    <subfield code="a">Agricultura</subfield>
    <subfield code="x">Nayarit</subfield>
    <subfield code="9">1748</subfield>
  </datafield>
  <datafield tag="650" ind1="1" ind2="4">
    <subfield code="a">Agricultura</subfield>
    <subfield code="x">Sinaloa.</subfield>
    <subfield code="9">1794</subfield>
  </datafield>
  <datafield tag="650" ind1="1" ind2="4">
    <subfield code="a">Cultivos</subfield>
    <subfield code="x">Variedades.</subfield>
    <subfield code="9">30332</subfield>
  </datafield>
  <datafield tag="650" ind1="1" ind2="4">
    <subfield code="a">Viajes de estudio.</subfield>
    <subfield code="9">119036</subfield>
  </datafield>
  <datafield tag="700" ind1="1" ind2=" ">
    <subfield code="a">Mota, Javier</subfield>
    <subfield code="e">coord.</subfield>
    <subfield code="9">128703</subfield>
  </datafield>
  <datafield tag="700" ind1="1" ind2=" ">
    <subfield code="a">Sa&#xFA;l Reyes, David</subfield>
    <subfield code="e">coord.</subfield>
    <subfield code="9">128702</subfield>
  </datafield>
  <datafield tag="901" ind1=" " ind2=" ">
    <subfield code="a">BK</subfield>
  </datafield>
  <datafield tag="942" ind1=" " ind2=" ">
    <subfield code="c">LIBRO</subfield>
  </datafield>
  <datafield tag="942" ind1=" " ind2=" ">
    <subfield code="n">0</subfield>
  </datafield>
  <datafield tag="999" ind1=" " ind2=" ">
    <subfield code="c">107403</subfield>
    <subfield code="d">107403</subfield>
  </datafield>
  <datafield tag="952" ind1=" " ind2=" ">
    <subfield code="0">0</subfield>
    <subfield code="1">0</subfield>
    <subfield code="2">ddc</subfield>
    <subfield code="4">0</subfield>
    <subfield code="5">2</subfield>
    <subfield code="7">0</subfield>
    <subfield code="8">GRAL</subfield>
    <subfield code="a">BC</subfield>
    <subfield code="b">BC</subfield>
    <subfield code="c">PP_GRAL</subfield>
    <subfield code="d">2014-10-28</subfield>
    <subfield code="f">LIBRO</subfield>
    <subfield code="l">0</subfield>
    <subfield code="o">631.5097235 A27</subfield>
    <subfield code="p">33724002425850</subfield>
    <subfield code="r">2019-12-31 00:00:00</subfield>
    <subfield code="w">2019-12-31</subfield>
    <subfield code="y">LIBRO</subfield>
  </datafield>
</record>
